Vysokorýchlostná kontrola sušienok

Bibliographic Details
Main Author: -bb- (Author)
Format: Article
Language:Slovak

MARC

LEADER 00000nab a2200000ua 4500
001 vtls010805668
003 SK-MaSNL
005 20260303103108.0
008 230121s2013 xo |||||||||||||||||slo|
035 |a (urnnbn)urn:nbn:sk:snk:ar-a00f8x 
035 |a (uuid)f237eaa7-5de1-4d8d-af46-0b891454e173 
035 |a urn:nbn:sk:snk-ab47th 
040 |a SNKBUCL  |b slo  |c SNKBUCL  |e AACR2 
041 0 |a slo 
044 |a xo  |c SK 
100 1 |a -bb-  |4 aut  |9 946757 
245 1 0 |a Vysokorýchlostná kontrola sušienok  |c -Bb- 
773 0 |t AT&P journal : priemyselná automatizácia a informatika  |g Roč. 20, č. 11 (2013), s. 10 
954 |a odborná, vedecká literatúra pôvodná (slovenská)  |2 lita 
958 |a OND 
958 |a EUIPO 
958 |a article3 
999 |c 1847430  |d 1849360